[Event "EU-ch Rapid (Women)"]
[Site "Monaco"]
[Date "2024.01.14"]
[Round "6"]
[White "Gvetadze, Sofio"]
[Black "Piddubna, Bozhena"]
[Result "0-1"]
[WhiteElo "2298"]
[BlackElo "2035"]
[PlyCount "157"]
[EventDate "2024.01.13"]
[EventType "swiss (rapid)"]
[EventRounds "11"]
[EventCountry "MNC"]
[SourceTitle "CB03_2024"]
[SourceDate "2024.01.17"]
[SourceVersion "1"]
[SourceVersionDate "2024.01.17"]
[SourceQuality "1"]

1. e4 e5 2. Nf3 Nc6 3. Bb5 a6 4. Ba4 Nf6 5. d3 Bc5 6. 0-0 d6 7. c3 Ba7 8. h3 Bd7 9. Re1 Qe7 10. Nbd2 h6 11. Nf1 g5 12. N3h2 0-0-0 13. Ng3 Rdg8 14. Nf5 Qe8 15. Be3 Bxe3 16. Rxe3 h5 17. b4 Bxf5 18. exf5 Nd5 19. Re1 Nxc3 20. Bxc6 Qxc6 21. Qd2 Nb5 22. Rac1 Qd7 23. Rc4 g4 24. hxg4 hxg4 25. Nxg4 Qxf5 26. f3 Rg6 27. Rec1 c6 28. Qe3 Nd4 29. a4 Qg5 30. Qxg5 Rxg5 31. Kf2 f5 32. Ne3 Kd7 33. Re1 Ne6 34. Rd1 Rh2 35. Kg1 Rh6 36. Kf2 Rh8 37. Rcc1 Rh4 38. b5 Rxa4 39. bxc6+ bxc6 40. Nc4 Ra2+ 41. Rd2 Rxd2+ 42. Nxd2 Nf4 43. Rc3 Rxg2+ 44. Ke1 d5 45. Ra3 Kd6 46. Nf1 Re2+ 47. Kd1 Rf2 48. Nd2 a5 49. Kc2 Ne6 50. Kc3 Nd4 51. Ra2 Nxf3 52. Nc4+ dxc4 53. Rxf2 Nd4 54. Kxc4 Ke6 55. Kc5 f4 56. Rh2 Kf5 57. Kd6 f3 58. Rh5+ Kg4 59. Rh1 Kf4 60. Rf1 a4 61. Kc5 a3 62. Kb4 Ke3 63. Re1+ Ne2 64. Kxa3 f2 65. Rb1 Nc3 66. Rh1 Ke2 67. Kb4 Nd5+ 68. Kc5 Nf4 69. Kxc6 Kxd3 70. Kd6 e4 71. Ke5 Ng2 72. Kf5 e3 73. Ra1 Ne1 74. Ra3+ Ke2 75. Ke4 f1Q 76. Ra2+ Kd1 77. Ra1+ Kd2 78. Ra2+ Nc2 79. Ra1 0-1

[Event "EU-ch Rapid (Women)"]
[Site "Monaco"]
[Date "2024.01.14"]
[Round "9"]
[White "Savina, Anastasia"]
[Black "Gvetadze, Sofio"]
[Result "0-1"]
[WhiteElo "2340"]
[BlackElo "2298"]
[PlyCount "79"]
[EventDate "2024.01.13"]
[EventType "swiss (rapid)"]
[EventRounds "11"]
[EventCountry "MNC"]
[SourceTitle "CB03_2024"]
[SourceDate "2024.01.17"]
[SourceVersion "1"]
[SourceVersionDate "2024.01.17"]
[SourceQuality "1"]

1. d4 Nf6 2. c4 g6 3. Nc3 Bg7 4. e4 d6 5. Be2 c5 6. d5 0-0 7. h4 e6 8. h5 exd5 9. exd5 Re8 10. h6 Bh8 11. Bg5 Qb6 12. b3 Ng4 13. Rc1 Bd4 14. Nh3 Qa5 15. Qd2 a6 16. 0-0 Bf5 17. Bd3 Bxd3 18. Qxd3 Nd7 19. Ne2 Bh8 20. a4 b5 21. Bd2 Qb6 22. a5 Qb7 23. Ng3 Nde5 24. Qc2 Rab8 25. Ne4 Qc7 26. cxb5 Rxb5 27. Rfe1 Reb8 28. Bc3 Nxh6 29. f4 Neg4 30. Qe2 Bxc3 31. Rxc3 Rxb3 32. Rxb3 Rxb3 33. Qxa6 Nf5 34. Nhf2 Nxf2 35. Nf6+ Kh8 36. Kxf2 c4 37. Re8+ Kg7 38. Rc8 Qe7 39. Ne8+ Kh6 40. Qa7 0-1

[Event "EU-ch Rapid (Women)"]
[Site "Monaco"]
[Date "2024.01.13"]
[Round "2"]
[White "Gvetadze, Sofio"]
[Black "Ushenina, Anna"]
[Result "1/2-1/2"]
[WhiteElo "2298"]
[BlackElo "2415"]
[PlyCount "65"]
[EventDate "2024.01.13"]
[EventType "swiss (rapid)"]
[EventRounds "11"]
[EventCountry "MNC"]
[SourceTitle "CB03_2024"]
[SourceDate "2024.01.17"]
[SourceVersion "1"]
[SourceVersionDate "2024.01.17"]
[SourceQuality "1"]

1. e4 d6 2. d4 Nf6 3. Nc3 e5 4. Nf3 Nbd7 5. Bc4 Be7 6. 0-0 0-0 7. Re1 c6 8. a4 h6 9. h3 Re8 10. b3 Qc7 11. Ba3 Rb8 12. dxe5 dxe5 13. Bxe7 Rxe7 14. Nh4 Nf8 15. Qf3 a6 16. a5 Be6 17. Bf1 Rd8 18. Ne2 Ng6 19. Nxg6 fxg6 20. Nc1 Nh5 21. g3 Qc8 22. Kh2 Rd2 23. Re2 Rd1 24. Bg2 Qf8 25. Qe3 Red7 26. Ra4 g5 27. Re1 R1d2 28. Re2 Rd1 29. Re1 R1d2 30. Re2 Rd1 31. Re1 R1d2 32. Re2 Rd1 33. Re1 1/2-1/2

[Event "EU-ch Blitz (Women)"]
[Site "Monaco"]
[Date "2024.01.12"]
[Round "9"]
[White "Gvetadze, Sofio"]
[Black "Javakhishvili, Lela"]
[Result "1-0"]
[WhiteElo "2298"]
[BlackElo "2433"]
[PlyCount "101"]
[EventDate "2024.01.12"]
[EventType "swiss (blitz)"]
[EventRounds "13"]
[EventCountry "MNC"]
[SourceTitle "CB03_2024"]
[SourceDate "2024.01.17"]
[SourceVersion "1"]
[SourceVersionDate "2024.01.17"]
[SourceQuality "1"]

1. e4 c5 2. Nf3 Nc6 3. c3 d5 4. e5 d4 5. c4 Bf5 6. d3 e6 7. g3 h5 8. a3 Be7 9. h4 Nh6 10. Bf4 Ng4 11. Nbd2 Qc7 12. Qe2 a5 13. 0-0-0 a4 14. Bh3 Na5 15. Kb1 b5 16. cxb5 Qb6 17. Ne4 Qxb5 18. Nd6+ Bxd6 19. exd6 c4 20. Nxd4 cxd3 21. Qd2 Qd5 22. Nxf5 Qxf5 23. Bxg4 hxg4 24. Qxd3 Qxd3+ 25. Rxd3 Kd7 26. Rc1 Nc6 27. Rdc3 Ra6 28. Rc5 f6 29. Rb5 e5 30. Rb7+ Ke6 31. Be3 Kxd6 32. Rxg7 Rb8 33. Rxg4 Ke6 34. Rgc4 Ne7 35. h5 Nd5 36. Bd2 Rab6 37. R1c2 Ne7 38. h6 f5 39. Bb4 Rh8 40. Rc7 Nd5 41. R2c6+ Rxc6 42. Rxc6+ Kf7 43. Bd2 f4 44. gxf4 Nxf4 45. Rc4 Nd3 46. f3 Ra8 47. Kc2 Nf2 48. Rh4 Rc8+ 49. Bc3 Ke6 50. Rh2 e4 51. Rxf2 1-0

[Event "Wch Blitz (Women)"]
[Site "Samarkand"]
[Date "2023.12.30"]
[Round "12"]
[White "Gvetadze, Sofio"]
[Black "Nomin Erdene, Davaademberel"]
[Result "1-0"]
[WhiteElo "2298"]
[BlackElo "2358"]
[PlyCount "81"]
[EventDate "2023.12.29"]
[EventType "swiss (blitz)"]
[EventRounds "17"]
[EventCountry "UZB"]
[SourceTitle "CB01_2024"]
[SourceDate "2024.01.03"]
[SourceVersion "1"]
[SourceVersionDate "2024.01.03"]
[SourceQuality "1"]

1. Nf3 f5 2. g3 Nf6 3. Bg2 g6 4. 0-0 Bg7 5. d3 0-0 6. Nbd2 d6 7. c3 c6 8. e4 e5 9. Qb3+ Kh8 10. exf5 gxf5 11. Re1 Na6 12. Nc4 Nc5 13. Qc2 Be6 14. Ncd2 Ncd7 15. d4 e4 16. Ng5 Bg8 17. f3 d5 18. fxe4 fxe4 19. Nf1 Ng4 20. Nh3 c5 21. Ne3 Nh6 22. Rd1 cxd4 23. cxd4 Qb6 24. Kh1 Rac8 25. Qe2 Bxd4 26. Nxd5 Bxd5 27. Bxh6 Rfe8 28. Qh5 Nf6 29. Qh4 Re6 30. Nf4 Rd6 31. Nxd5 Nxd5 32. Qxe4 Rxh6 33. Qxd4+ Qxd4 34. Rxd4 Ne3 35. Bxb7 Rc2 36. h4 Nf5 37. Rg4 Rd6 38. Re1 h5 39. Rg5 Nd4 40. Re8+ Kh7 41. Be4+ 1-0

[Event "Wch Blitz (Women)"]
[Site "Samarkand"]
[Date "2023.12.29"]
[Round "5"]
[White "Gvetadze, Sofio"]
[Black "Khotenashvili, Bela"]
[Result "0-1"]
[WhiteElo "2298"]
[BlackElo "2467"]
[PlyCount "126"]
[EventDate "2023.12.29"]
[EventType "swiss (blitz)"]
[EventRounds "17"]
[EventCountry "UZB"]
[SourceTitle "CB01_2024"]
[SourceDate "2024.01.03"]
[SourceVersion "1"]
[SourceVersionDate "2024.01.03"]
[SourceQuality "1"]

1. Nf3 g6 2. g3 Bg7 3. Bg2 c5 4. 0-0 Nc6 5. d3 d5 6. Nbd2 e6 7. e4 Nge7 8. Re1 0-0 9. e5 Qc7 10. Qe2 b5 11. Nf1 Bb7 12. h4 Nf5 13. c3 h5 14. Bg5 b4 15. N1h2 bxc3 16. bxc3 d4 17. c4 Nh6 18. Qd2 Ng4 19. Bf4 Nxh2 20. Kxh2 Rab8 21. Qe2 Ne7 22. Ng5 Bxg2 23. Kxg2 Nf5 24. Ne4 Rb6 25. Rad1 Rfb8 26. Rd2 Rb1 27. Nf6+ Kf8 28. Rxb1 Rxb1 29. Rb2 Rxb2 30. Qxb2 Bxf6 31. exf6 e5 32. Bg5 Ke8 33. Qb5+ Kd8 34. a4 Nd6 35. Qb2 Qb7+ 36. Qxb7 Nxb7 37. Kf3 Kd7 38. Ke4 Ke6 39. f4 Nd6+ 40. Kf3 exf4 41. Kxf4 Nc8 42. Bh6 Nb6 43. a5 Na4 44. Bf8 Kxf6 45. Ke4 Ke6 46. Kf4 Nb2 47. Ke4 Na4 48. Kf4 f6 49. g4 hxg4 50. Kxg4 Ke5 51. Be7 a6 52. Kf3 Kf5 53. Bd6 g5 54. hxg5 fxg5 55. Kg3 g4 56. Be7 Ke5 57. Bf8 Nb2 58. Bxc5 Nxd3 59. Bb6 Ke4 60. Kxg4 Nb4 61. c5 d3 62. c6 Nxc6 63. Bf2 d2 0-1

[Event "Wch Blitz (Women)"]
[Site "Samarkand"]
[Date "2023.12.29"]
[Round "4"]
[White "Salimova, Nurgyul"]
[Black "Gvetadze, Sofio"]
[Result "1-0"]
[WhiteElo "2426"]
[BlackElo "2298"]
[PlyCount "61"]
[EventDate "2023.12.29"]
[EventType "swiss (blitz)"]
[EventRounds "17"]
[EventCountry "UZB"]
[SourceTitle "CB01_2024"]
[SourceDate "2024.01.03"]
[SourceVersion "1"]
[SourceVersionDate "2024.01.03"]
[SourceQuality "1"]

1. d4 Nf6 2. Nf3 g6 3. Nbd2 Bg7 4. e4 d6 5. Bd3 0-0 6. 0-0 c6 7. Re1 Nbd7 8. c3 e5 9. dxe5 dxe5 10. Bf1 Qc7 11. Qc2 Nc5 12. b3 Ne6 13. Nc4 Nh5 14. Ba3 Rd8 15. Rad1 c5 16. Rd5 f6 17. Red1 Rf8 18. g3 b5 19. Nd6 a6 20. Nxc8 Raxc8 21. Bh3 Rce8 22. Bxe6+ Rxe6 23. Bxc5 Rfe8 24. b4 a5 25. Qd3 axb4 26. cxb4 Qc6 27. Qb3 Kh8 28. Rd8 f5 29. Ng5 Rxd8 30. Rxd8+ Re8 31. Nf7+ 1-0

[Event "Wch Rapid (Women)"]
[Site "Samarkand"]
[Date "2023.12.27"]
[Round "5"]
[White "Wagner, Dinara"]
[Black "Gvetadze, Sofio"]
[Result "1-0"]
[WhiteElo "2452"]
[BlackElo "2298"]
[PlyCount "117"]
[EventDate "2023.12.26"]
[EventType "swiss (rapid)"]
[EventRounds "11"]
[EventCountry "UZB"]
[SourceTitle "CB01_2024"]
[SourceDate "2024.01.03"]
[SourceVersion "1"]
[SourceVersionDate "2024.01.03"]
[SourceQuality "1"]

1. d4 Nf6 2. c4 e6 3. Nf3 b6 4. a3 Bb7 5. Nc3 d5 6. Bf4 Bd6 7. Bxd6 cxd6 8. cxd5 Nxd5 9. Nxd5 Bxd5 10. e3 0-0 11. Bd3 Nd7 12. e4 Bb7 13. 0-0 Rc8 14. Re1 Qe7 15. Qe2 Rfd8 16. Rad1 Nf8 17. Qe3 Ng6 18. Nd2 e5 19. Nf3 Rc7 20. Nd2 Bc8 21. Nb1 Be6 22. Nc3 Nf4 23. Bf1 Rcc8 24. Rd2 Qb7 25. h4 a6 26. g3 Ng6 27. d5 Bd7 28. h5 Nf8 29. h6 f6 30. hxg7 Kxg7 31. f4 b5 32. b4 Be8 33. Rh2 Bg6 34. f5 Be8 35. Qh6+ Kg8 36. Qxf6 Qb6+ 37. Kh1 Rxc3 38. Qg5+ Kh8 39. Qf6+ Kg8 40. Qg5+ Kh8 41. Rh4 Qc7 42. Rg4 Ng6 43. Qf6+ Kg8 44. fxg6 Bxg6 45. Bh3 Rf8 46. Rxg6+ hxg6 47. Be6+ Kh7 48. Qxf8 Qg7 49. Qf2 Rd3 50. Kg1 Qc7 51. Rf1 Rxa3 52. Qh2+ Kg7 53. Qh4 Rc3 54. Qf6+ Kh7 55. Qf8 Qa7+ 56. Kh1 Rc7 57. Bg8+ Kh8 58. Bf7+ Kh7 59. Qg8+ 1-0

[Event "GEO-ch Rapid (Women)"]
[Site "Tbilisi"]
[Date "2023.01.27"]
[Round "4"]
[White "Gvetadze, Sofio"]
[Black "Kirtadze, Anastasia"]
[Result "1-0"]
[WhiteElo "2298"]
[BlackElo "1899"]
[PlyCount "81"]
[EventDate "2023.01.26"]
[EventType "swiss (rapid)"]
[EventRounds "9"]
[EventCountry "GEO"]
[SourceTitle "EXT 2024"]
[Source "ChessBase"]
[SourceDate "2023.10.10"]
[SourceVersion "1"]
[SourceVersionDate "2023.10.10"]
[SourceQuality "1"]

1. e4 c5 2. Nf3 e6 3. c3 d5 4. e5 Nc6 5. d4 Qb6 6. a3 Bd7 7. b4 cxd4 8. cxd4 a6 9. Nc3 f6 10. exf6 Nxf6 11. Bf4 Be7 12. Bd3 0-0 13. 0-0 Ne4 14. Na4 Qd8 15. Be3 Bd6 16. Nc5 Bxc5 17. bxc5 Nf6 18. Bg5 h6 19. Bh4 Qa5 20. Re1 b6 21. cxb6 Qxb6 22. Rb1 Qa7 23. Bc2 Ne4 24. Bxe4 dxe4 25. Rxe4 Rf5 26. Qe2 Na5 27. Re5 Bb5 28. Qe1 Rxe5 29. Qxe5 Nc6 30. Qxe6+ Kh8 31. Qe4 Rf8 32. d5 Nd8 33. Ne5 Be8 34. Rf1 Nb7 35. Be7 Rg8 36. d6 Nc5 37. Qe3 Bb5 38. Rc1 Rc8 39. d7 Bxd7 40. Bxc5 Qb7 41. Nf7+ 1-0

[Event "Wch Blitz (Women)"]
[Site "Almaty"]
[Date "2022.12.30"]
[Round "15"]
[White "Gvetadze, Sofio"]
[Black "Fataliyeva, Ulviyya Hasil Qizi"]
[Result "1/2-1/2"]
[WhiteElo "2245"]
[BlackElo "2322"]
[PlyCount "146"]
[EventDate "2022.12.29"]
[EventType "swiss (blitz)"]
[EventRounds "17"]
[EventCountry "KAZ"]
[SourceTitle "CBM 211 Extra"]
[Source "ChessBase"]
[SourceDate "2023.01.31"]
[SourceVersion "1"]
[SourceVersionDate "2023.01.31"]
[SourceQuality "1"]

1. Nf3 d5 2. g3 Bg4 3. Bg2 Nd7 4. b3 e5 5. d3 Ngf6 6. Bb2 Bd6 7. c4 c6 8. 0-0 0-0 9. Nc3 a6 10. h3 Bxf3 11. Bxf3 dxc4 12. dxc4 Qe7 13. Qc2 Nc5 14. e3 e4 15. Bg2 Be5 16. Rad1 Nd3 17. Ba1 Nb4 18. Qb1 Rfe8 19. a3 Bxc3 20. Bxc3 Nd3 21. Bxf6 Qxf6 22. Bxe4 Rxe4 23. Qxd3 Ree8 24. Kg2 h5 25. h4 Re5 26. Qc3 Qf5 27. Rd4 Rae8 28. Rfd1 b5 29. cxb5 cxb5 30. b4 R5e6 31. Qd3 Qxd3 32. R1xd3 Rc6 33. Rd6 Re6 34. Rxe6 Rxe6 35. Rd8+ Kh7 36. Ra8 f6 37. Kf3 g5 38. e4 Rc6 39. hxg5 fxg5 40. Kg2 g4 41. Ra7+ Kg6 42. Rd7 Kf6 43. Rd5 Kg6 44. Rd3 Kg5 45. Re3 Kf6 46. f4 Rc2+ 47. Kf1 Rc1+ 48. Ke2 Ra1 49. Rc3 Ra2+ 50. Ke3 h4 51. gxh4 g3 52. Rc6+ Ke7 53. Rg6 Rxa3+ 54. Kd4 Rb3 55. Kc5 Re3 56. e5 Re4 57. Rxg3 Rxf4 58. Rh3 Re4 59. h5 Rxe5+ 60. Kb6 Re6+ 61. Kb7 Rh6 62. Ra3 Rxh5 63. Kxa6 Kd6 64. Rc3 Rd5 65. Rc8 Kd7 66. Rc3 Rh5 67. Kb6 Rf5 68. Rc7+ Kd8 69. Rc3 Re5 70. Rc5 Rxc5 71. Kxc5 Kc7 72. Kxb5 Kb7 73. Kc5 Kc7 1/2-1/2

[Event "Wch Blitz (Women)"]
[Site "Almaty"]
[Date "2022.12.30"]
[Round "17"]
[White "Gvetadze, Sofio"]
[Black "Kirchei, Viktoriia"]
[Result "1-0"]
[WhiteElo "2245"]
[BlackElo "2005"]
[PlyCount "61"]
[EventDate "2022.12.29"]
[EventType "swiss (blitz)"]
[EventRounds "17"]
[EventCountry "KAZ"]
[SourceTitle "CBM 211 Extra"]
[Source "ChessBase"]
[SourceDate "2023.01.31"]
[SourceVersion "1"]
[SourceVersionDate "2023.01.31"]
[SourceQuality "1"]

1. Nf3 Nf6 2. g3 d5 3. c4 e6 4. b3 c5 5. Bg2 b6 6. 0-0 Bb7 7. e3 Be7 8. Bb2 0-0 9. d3 Nbd7 10. Qe2 Qc7 11. Nc3 a6 12. Rac1 dxc4 13. bxc4 e5 14. e4 b5 15. Nh4 b4 16. Nf5 Bd6 17. Nd5 Nxd5 18. cxd5 Rfe8 19. Qg4 g6 20. Ne3 Bf8 21. Nc4 Bg7 22. f4 a5 23. Qf3 f6 24. Bh3 f5 25. exf5 Nf6 26. fxe5 Bxd5 27. Qf2 Nd7 28. f6 Bf8 29. f7+ Bxf7 30. Qxf7+ Kh8 31. Bxd7 1-0

[Event "Wch Blitz (Women)"]
[Site "Almaty"]
[Date "2022.12.30"]
[Round "10"]
[White "Koneru, Humpy"]
[Black "Gvetadze, Sofio"]
[Result "1-0"]
[WhiteElo "2474"]
[BlackElo "2245"]
[PlyCount "75"]
[EventDate "2022.12.29"]
[EventType "swiss (blitz)"]
[EventRounds "17"]
[EventCountry "KAZ"]
[SourceTitle "CBM 211 Extra"]
[Source "ChessBase"]
[SourceDate "2023.01.31"]
[SourceVersion "1"]
[SourceVersionDate "2023.01.31"]
[SourceQuality "1"]

1. d4 Nf6 2. c4 g6 3. Nc3 c5 4. Nf3 Bg7 5. e4 cxd4 6. Nxd4 d6 7. Be2 0-0 8. 0-0 Nc6 9. Be3 Nxd4 10. Bxd4 Bd7 11. Qd2 Bc6 12. f3 a5 13. b3 Nd7 14. Be3 Nc5 15. Rac1 Be5 16. Rfd1 e6 17. f4 Bxc3 18. Qxc3 Nxe4 19. Qc2 Qf6 20. Bf3 d5 21. Qd3 Rfd8 22. cxd5 exd5 23. g3 Qf5 24. Bd4 Re8 25. Kg2 h5 26. Bb2 Re6 27. Qd4 f6 28. h3 Rae8 29. Rf1 Rd6 30. Rcd1 Qe6 31. Rfe1 Rd7 32. g4 h4 33. a4 Kf7 34. Qd3 Qd6 35. Bxe4 Qxf4 36. Bxg6+ Kg7 37. Rxe8 d4+ 38. Be4 1-0

[Event "Wch Blitz (Women)"]
[Site "Almaty"]
[Date "2022.12.29"]
[Round "9"]
[White "Gvetadze, Sofio"]
[Black "Bayasgalan, Khishigbaatar"]
[Result "1-0"]
[WhiteElo "2245"]
[BlackElo "1840"]
[PlyCount "177"]
[EventDate "2022.12.29"]
[EventType "swiss (blitz)"]
[EventRounds "17"]
[EventCountry "KAZ"]
[SourceTitle "CBM 211 Extra"]
[Source "ChessBase"]
[SourceDate "2023.01.31"]
[SourceVersion "1"]
[SourceVersionDate "2023.01.31"]
[SourceQuality "1"]

1. Nf3 d5 2. g3 e6 3. Bg2 Nf6 4. 0-0 Be7 5. d3 0-0 6. Nbd2 c5 7. e4 Nc6 8. Re1 dxe4 9. dxe4 e5 10. c3 Be6 11. h3 h6 12. Nh4 Qd3 13. Re3 Qd7 14. Kh2 Nh7 15. Nhf3 Rad8 16. Qf1 Ng5 17. h4 Nh7 18. Nc4 Qc7 19. Re1 Nf6 20. Kg1 Ng4 21. Ne3 Nxe3 22. Bxe3 Na5 23. b3 Bg4 24. Nh2 Bd7 25. Qe2 a6 26. Bf3 Bb5 27. Qb2 Bc6 28. Bd2 b5 29. Be3 c4 30. b4 Nb7 31. Qc2 Rd3 32. Be2 Bxe4 33. Bxd3 cxd3 34. Qd2 Nd6 35. f3 Nc4 36. Qf2 Bg6 37. Bd2 Qc6 38. Ng4 Bd8 39. Nxe5 Qd5 40. Nxc4 bxc4 41. Kg2 Qc6 42. Qc5 Qb7 43. Qxc4 Bf6 44. Qf4 Rc8 45. Rac1 Qd5 46. a4 Qa2 47. Kh3 Qxa4 48. Qe3 Qc6 49. Kg2 Qd5 50. Kh3 h5 51. Kg2 Qc4 52. Ra1 Qb5 53. Ra5 Qc6 54. Rc5 Qd7 55. Rxc8+ Qxc8 56. Qe8+ Qxe8 57. Rxe8+ Kh7 58. Ra8 Bf5 59. Rxa6 Be6 60. Rd6 Bc4 61. Rc6 Bd5 62. Rc5 Bb7 63. b5 Bd8 64. Rxh5+ Kg6 65. Rh8 Bc7 66. h5+ Kf6 67. Be3 Be5 68. Bd2 Bc7 69. b6 Bd6 70. Rd8 Ke7 71. Rg8 Be5 72. Kf2 Kf6 73. f4 Bd6 74. Rd8 Ke7 75. Rg8 Bc5+ 76. Ke1 Bf3 77. Rxg7 Bxb6 78. h6 Kf6 79. Rg8 Be4 80. Rb8 Bc7 81. Rc8 Bd6 82. c4 Kg6 83. Rh8 Bc5 84. g4 f5 85. g5 Bg1 86. Rg8+ Kf7 87. h7 Bd4 88. h8Q Bxh8 89. Rxh8 1-0

[Event "Wch Blitz (Women)"]
[Site "Almaty"]
[Date "2022.12.29"]
[Round "2"]
[White "Javakhishvili, Lela"]
[Black "Gvetadze, Sofio"]
[Result "1/2-1/2"]
[WhiteElo "2364"]
[BlackElo "2245"]
[PlyCount "53"]
[EventDate "2022.12.29"]
[EventType "swiss (blitz)"]
[EventRounds "17"]
[EventCountry "KAZ"]
[SourceTitle "CBM 211 Extra"]
[Source "ChessBase"]
[SourceDate "2023.01.31"]
[SourceVersion "1"]
[SourceVersionDate "2023.01.31"]
[SourceQuality "1"]

1. d4 Nf6 2. c4 g6 3. g3 c5 4. dxc5 Na6 5. Bg2 Nxc5 6. Nc3 Bg7 7. Nf3 0-0 8. 0-0 d6 9. Nd4 Rb8 10. h3 Ne6 11. Nc2 Bd7 12. a4 Bc6 13. Nd5 a5 14. Be3 Nc5 15. Nd4 Nxd5 16. cxd5 Bd7 17. Ra2 Qb6 18. Qd2 Rfc8 19. Rb1 Qd8 20. b3 Na6 21. Rc2 Rxc2 22. Nxc2 Rc8 23. Nd4 Qc7 24. Nb5 Bxb5 25. axb5 Nc5 26. b4 axb4 27. Qxb4 1/2-1/2

[Event "Wch Blitz (Women)"]
[Site "Almaty"]
[Date "2022.12.29"]
[Round "6"]
[White "Omonova, Umida"]
[Black "Gvetadze, Sofio"]
[Result "1-0"]
[WhiteElo "1978"]
[BlackElo "2245"]
[PlyCount "77"]
[EventDate "2022.12.29"]
[EventType "swiss (blitz)"]
[EventRounds "17"]
[EventCountry "KAZ"]
[SourceTitle "CBM 211 Extra"]
[Source "ChessBase"]
[SourceDate "2023.01.31"]
[SourceVersion "1"]
[SourceVersionDate "2023.01.31"]
[SourceQuality "1"]

1. e4 g6 2. d4 Bg7 3. Nc3 c6 4. Nf3 d5 5. Be2 Bg4 6. Be3 dxe4 7. Nxe4 Nf6 8. Nxf6+ Bxf6 9. h3 Bf5 10. 0-0 0-0 11. Re1 Nd7 12. c3 Nb6 13. Bf1 Re8 14. Qb3 Be6 15. c4 Qc7 16. a4 Rad8 17. a5 Nc8 18. Rad1 Qxa5 19. Qxb7 Nb6 20. Qxc6 Rc8 21. Qb5 Qxb5 22. cxb5 Bd5 23. Ne5 Rc2 24. Ra1 Rc7 25. Nd3 Nc4 26. Bf4 Rb7 27. Nc5 Rxb5 28. b3 Rxc5 29. dxc5 Nb2 30. Be5 Rc8 31. Bxf6 exf6 32. Rab1 Bxb3 33. Rxb2 Be6 34. Rc1 a5 35. c6 a4 36. c7 a3 37. Rb8 a2 38. Rxc8+ Bxc8 39. Ra1 1-0

[Event "Wch Blitz (Women)"]
[Site "Almaty"]
[Date "2022.12.29"]
[Round "8"]
[White "Padmini, Rout"]
[Black "Gvetadze, Sofio"]
[Result "1-0"]
[WhiteElo "2298"]
[BlackElo "2245"]
[PlyCount "79"]
[EventDate "2022.12.29"]
[EventType "swiss (blitz)"]
[EventRounds "17"]
[EventCountry "KAZ"]
[SourceTitle "CBM 211 Extra"]
[Source "ChessBase"]
[SourceDate "2023.01.31"]
[SourceVersion "1"]
[SourceVersionDate "2023.01.31"]
[SourceQuality "1"]

1. e4 c5 2. Nf3 g6 3. c4 Bg7 4. d4 cxd4 5. Nxd4 Nc6 6. Be3 Nf6 7. Nc3 d6 8. Be2 0-0 9. 0-0 Bd7 10. Nc2 Rc8 11. f3 a6 12. Qd2 Be6 13. Rac1 Ne5 14. b3 Re8 15. Nd5 Bxd5 16. cxd5 Ned7 17. Na3 Nc5 18. Nc4 h5 19. Rc2 Ncd7 20. Rfc1 Nh7 21. Na5 Rxc2 22. Rxc2 b5 23. Nc6 Qa8 24. Qa5 h4 25. a4 bxa4 26. b4 Nb8 27. Qxa4 h3 28. b5 hxg2 29. bxa6 Nd7 30. a7 Nc5 31. Qb5 e6 32. Qb8 exd5 33. Qxa8 Rxa8 34. exd5 Nf8 35. Bxc5 dxc5 36. Ba6 Nd7 37. Bb7 Rxa7 38. Nxa7 Bd4+ 39. Kxg2 Ne5 40. Nc6 1-0

[Event "Wch Rapid (Women)"]
[Site "Almaty"]
[Date "2022.12.27"]
[Round "7"]
[White "Gvetadze, Sofio"]
[Black "Kirchei, Viktoriia"]
[Result "1-0"]
[WhiteElo "2198"]
[BlackElo "1998"]
[PlyCount "73"]
[EventDate "2022.12.26"]
[EventType "swiss (rapid)"]
[EventRounds "11"]
[EventCountry "KAZ"]
[SourceTitle "CBM 211 Extra"]
[Source "ChessBase"]
[SourceDate "2023.01.31"]
[SourceVersion "1"]
[SourceVersionDate "2023.01.31"]
[SourceQuality "1"]

1. Nf3 Nf6 2. g3 d5 3. c4 e6 4. Bg2 Be7 5. 0-0 0-0 6. b3 c5 7. Bb2 Nc6 8. d3 b6 9. Nbd2 Bb7 10. Rc1 Qc7 11. cxd5 exd5 12. d4 Qd6 13. dxc5 bxc5 14. Qc2 Nb4 15. Qb1 d4 16. a3 Nbd5 17. Nc4 Qa6 18. Nfe5 Rab8 19. Rfd1 Bc8 20. Qc2 Qb5 21. e4 Nc7 22. b4 cxb4 23. Bxd4 b3 24. Qb2 Qa4 25. Qa1 Ne6 26. Bb2 Bb7 27. Ne3 Rfc8 28. Nd5 Nxd5 29. exd5 Nc5 30. Nc6 Bxc6 31. dxc6 Ne6 32. Rd7 Bc5 33. Bd5 Ng5 34. Rxc5 Rb5 35. Rxb5 Qxb5 36. h4 Nh3+ 37. Kg2 1-0

[Event "Wch Rapid (Women)"]
[Site "Almaty"]
[Date "2022.12.26"]
[Round "1"]
[White "Goryachkina, Aleksandra"]
[Black "Gvetadze, Sofio"]
[Result "1-0"]
[WhiteElo "2484"]
[BlackElo "2198"]
[PlyCount "95"]
[EventDate "2022.12.26"]
[EventType "swiss (rapid)"]
[EventRounds "11"]
[EventCountry "KAZ"]
[SourceTitle "CBM 211 Extra"]
[Source "ChessBase"]
[SourceDate "2023.01.31"]
[SourceVersion "1"]
[SourceVersionDate "2023.01.31"]
[SourceQuality "1"]

1. Nf3 Nf6 2. c4 g6 3. Nc3 Bg7 4. d4 c5 5. d5 d6 6. e4 0-0 7. Be2 Bg4 8. 0-0 Nbd7 9. Be3 Bxf3 10. Bxf3 a6 11. Be2 Rb8 12. Qc2 Ne8 13. Rab1 Nc7 14. b4 cxb4 15. Rxb4 Nc5 16. Na4 a5 17. Rbb1 N7a6 18. Nxc5 Nxc5 19. Rb5 Qc7 20. Rfb1 b6 21. g3 f5 22. exf5 gxf5 23. Bd3 Nxd3 24. Qxd3 Rbc8 25. Rc1 Qd7 26. Rxb6 f4 27. Bxf4 Qh3 28. Qe4 Kh8 29. Rb7 Bf6 30. Be3 Qh5 31. Bd4 Kg8 32. Bxf6 exf6 33. Qe6+ Kh8 34. Qxd6 Rce8 35. Re7 Rd8 36. Qe6 Qg5 37. Rb1 Qg6 38. Rbb7 Rde8 39. Rxh7+ Qxh7 40. Rxh7+ Kxh7 41. Qf5+ Kg7 42. d6 Re5 43. Qg4+ Kf7 44. Qd7+ Kg6 45. Qc7 Rf7 46. Qc8 f5 47. d7 Re1+ 48. Kg2 1-0

[Event "Wch Rapid (Women)"]
[Site "Almaty"]
[Date "2022.12.26"]
[Round "2"]
[White "Gvetadze, Sofio"]
[Black "Druzhinina, Olga"]
[Result "1-0"]
[WhiteElo "2198"]
[BlackElo "2010"]
[PlyCount "75"]
[EventDate "2022.12.26"]
[EventType "swiss (rapid)"]
[EventRounds "11"]
[EventCountry "KAZ"]
[SourceTitle "CBM 211 Extra"]
[Source "ChessBase"]
[SourceDate "2023.01.31"]
[SourceVersion "1"]
[SourceVersionDate "2023.01.31"]
[SourceQuality "1"]

1. Nf3 Nf6 2. g3 g6 3. Bg2 Bg7 4. 0-0 d5 5. d3 0-0 6. Nbd2 c5 7. e4 Nc6 8. Re1 Rb8 9. c3 b5 10. e5 Ng4 11. d4 cxd4 12. cxd4 f6 13. h3 fxe5 14. hxg4 exd4 15. Ng5 e5 16. Qb3 Ne7 17. Ndf3 Qd6 18. Bd2 Nc6 19. Nh2 Rd8 20. Rac1 h6 21. Ne4 Qe6 22. Nc5 Qf7 23. Nd3 Rb6 24. Rc5 e4 25. Nf4 Ne5 26. Rxd5 Rxd5 27. Qxd5 Nc4 28. Rxe4 Nxd2 29. Re8+ Bf8 30. Qxf7+ Kxf7 31. Rxc8 g5 32. Rc7+ Ke8 33. Nd3 Kd8 34. Rxa7 Nc4 35. Nf3 Re6 36. Nxd4 Rd6 37. Nc6+ Kc8 38. Be4 1-0